书目信息 |
| 题名: |
《普通化学》习题解答
|
|
| 作者: | 陈德钧 编 | |
| 分册: | ||
| 出版信息: | 北京 原子能出版社 1981 |
|
| 页数: | 130页 | |
| 开本: | 20cm | |
| 丛书名: | ||
| 单 册: | ||
| 中图分类: | O6-44 | |
| 科图分类: | ||
| 主题词: | 化学 | |
| 电子资源: | ||
| ISBN: | ||
| 000 | 00558nam0 2200205 450 | |
| 001 | 0659960816 | |
| 005 | 20060818105250.25 | |
| 010 | @dCNY0.48 | |
| 100 | @a20060724d1981 km y0chiy0120 ea | |
| 101 | 0 | @achi |
| 102 | @aCN@b110000 | |
| 102 | @aCN@b110000 | |
| 200 | 1 | @a《普通化学》习题解答@A《pu tong hua xue》xi ti jie da@f陈德钧等编@Fchen de jun deng bian |
| 210 | @a北京@c原子能出版社@d1981 | |
| 215 | @a130页@d20cm | |
| 606 | 0 | @a化学 |
| 690 | @aO6-44@v3 | |
| 701 | 0 | @a陈德钧@Achen de jun@4编 |
| 801 | 0 | @aCN@bPFT@c20060818 |
| 905 | @a10447@dO6-44@e103 | |
| 《普通化学》习题解答/陈德钧等编.-北京:原子能出版社,1981 |
| 130页;20cm |
| ISBN :CNY0.48 |
| ● |
| 相关链接 |
|
|
|
|
正题名:《普通化学》习题解答
索取号:O6-44/103
 
预约/预借
| 序号 | 登录号 | 条形码 | 馆藏地/架位号 | 状态 | 备注 |
| 1 | 0064570 | 000338067 | 第二样本阅览室/ [索取号:O6-44/103] | 在馆 | |
| 2 | 0432710 | 204327102 | 密集书库/ [索取号:O6-44/103] | 在馆 | |
| 3 | 0432805 | 204328058 | 密集书库/ [索取号:O6-44/103] | 在馆 | |
| 4 | 0433010 | 204330107 | 密集书库/ [索取号:O6-44/103] | 在馆 | |
| 5 | 0433066 | 204330660 | 密集书库/ [索取号:O6-44/103] | 在馆 | |
| 6 | 0433158 | 204331589 | 密集书库/ [索取号:O6-44/103] | 在馆 | |
| 7 | 0433159 | 204331598 | 密集书库/ [索取号:O6-44/103] | 在馆 | |
| 8 | 0434395 | 204343950 | 密集书库/ [索取号:O6-44/103] | 在馆 | |
| 9 | 0444912 | 204449123 | 密集书库/ [索取号:O6-44/103] | 在馆 |